[Event "81st ch-ESP 2016"]
[White "Redondo Benavente, Jose Carlos"]
[Black "Cruz Lledo, Pablo"]
[Site "Linares ESP"]
[Result "0-1"]
[Date "2016.08.08"]
[WhiteElo "2206"]
[BlackElo "2414"]
[PlyCount "94"]

1. e4 c6 2. d4 d5 3. e5 c5 4. dxc5 Nc6 5. a3 Nxe5 6. b4 g6 7. Bb5+ Nc6 8. Bb2 Nf6 9. c4 Be6 10. cxd5 Bxd5 11. Nf3 Bg7 12. Nc3 Bxf3 13. Qxf3 Qc8 14. 0-0 0-0 15. Rad1 e5 16. Nd5 Nxd5 17. Qxd5 Rd8 18. Qb3 Nd4 19. Bxd4 Rxd4 20. Bc4 Qc7 21. Bd5 Rd8 22. Rxd4 exd4 23. Qf3 Rd7 24. Rd1 Be5 25. g3 Kg7 26. Kg2 h5 27. Bxb7 Bf6 28. Be4 h4 29. Qd3 Re7 30. Bf3 Re8 31. Qb5 Qe5 32. Qb7 Qf5 33. g4 Qf4 34. h3 Be5 35. Kf1 Bf6 36. Bg2 Re3 37. Qa6 Rc3 38. Qe2 Rxa3 39. b5 Rc3 40. c6 Qd6 41. Rd3 Rc1+ 42. Rd1 d3 43. Qf3 d2 44. Ke2 Qe5+ 45. Qe3 Qxb5+ 46. Kxd2 Qb2+ 47. Ke1 Bc3+ 0-1

[Event "81st ch-ESP 2016"]
[White "Garriga Cazorla, Pere"]
[Black "Lianes Garcia, Marcos"]
[Site "Linares ESP"]
[Result "1/2-1/2"]
[Date "2016.08.08"]
[WhiteElo "2392"]
[BlackElo "2236"]
[PlyCount "78"]

1. d4 Nf6 2. c4 Nc6 3. Nf3 e6 4. g3 d5 5. Bg2 dxc4 6. 0-0 Rb8 7. e3 b5 8. b3 cxb3 9. axb3 Bb7 10. Qe2 a6 11. Rd1 Nb4 12. Ba3 Be7 13. Nc3 Nbd5 14. Bxe7 Nxc3 15. Qc2 Qxe7 16. Qxc3 Nd5 17. Qd2 0-0 18. Rdc1 Rfc8 19. Rc5 Nf6 20. Qc2 Ne4 21. Re5 Nf6 22. Rc1 Nd7 23. Ng5 g6 24. Bxb7 Rxb7 25. Qe4 Rb6 26. Qh4 f5 27. Rec5 Nxc5 28. Rxc5 Rd6 29. b4 c6 30. Re5 Re8 31. Rc5 Rc8 32. Re5 Ra8 33. Qf4 h6 34. Nf3 g5 35. Qxf5 exf5 36. Rxe7 a5 37. bxa5 Rxa5 38. Ne5 Ra8 39. Rc7 Ra6 1/2-1/2

[Event "81st ch-ESP 2016"]
[White "Tejedor Fuente, Enrique"]
[Black "Navarrete Espi, Samuel"]
[Site "Linares ESP"]
[Result "0-1"]
[Date "2016.08.08"]
[WhiteElo "2377"]
[BlackElo "2227"]
[PlyCount "184"]

1. e4 e5 2. Nf3 Nc6 3. Bb5 a6 4. Ba4 f5 5. d3 fxe4 6. dxe4 Nf6 7. Qe2 d6 8. c3 Be7 9. Nbd2 Bg4 10. h3 Bh5 11. Nf1 Qd7 12. Ng3 Bg6 13. Nh4 Nxe4 14. Nxg6 Nxg3 15. Qd3 Nxh1 16. Nxh8 e4 17. Qd5 0-0-0 18. Bd1 Ne5 19. Nf7 Nxf2 20. Nxd8 Nfd3+ 21. Ke2 Bxd8 22. Qxe4 Qb5 23. c4 Qb4 24. Kf1 d5 25. Bg4+ Kb8 26. Qe2 dxc4 27. Kg1 Bf6 28. Bf5 Qb6+ 29. Kh2 Qd6 30. g3 Qd5 31. Be4 Qd4 32. Rb1 Nxc1 33. Rxc1 Nd3 34. Rxc4 Qxc4 35. b3 Qc1 36. Qxd3 Qe1 37. Kg2 h6 38. Qd5 Qe2+ 39. Kg1 Qe3+ 40. Kh2 c6 41. Qd6+ Ka7 42. Bg2 Bd4 43. h4 Be5 44. Qg6 Kb6 45. Kh3 Kc5 46. Qg4 h5 47. Qg6 Kb4 48. Be4 Bxg3 49. Qxg3 Qxe4 50. Qd6+ Kc3 51. Qc5+ Kb2 52. Qxh5 Kxa2 53. Qf7 b5 54. h5 Qd5 55. Qe7 Qxh5+ 56. Kg3 Qg6+ 57. Kh3 Kxb3 58. Qe3+ Kc4 59. Qf4+ Kd5 60. Qd2+ Ke5 61. Qc3+ Kd5 62. Qd2+ Kc5 63. Qc3+ Kb6 64. Qd4+ c5 65. Qd8+ Kc6 66. Qa8+ Kd7 67. Qb7+ Ke8 68. Qc8+ Kf7 69. Qc7+ Kf6 70. Qd6+ Kg5 71. Qd2+ Kh5 72. Qe2+ Kh6 73. Qe3+ Qg5 74. Qe6+ g6 75. Qxa6 c4 76. Qa1 Qf5+ 77. Kg3 Qd3+ 78. Kf4 c3 79. Qh1+ Kg7 80. Qb7+ Kf6 81. Qc6+ Ke7 82. Qc7+ Ke6 83. Qc8+ Kd5 84. Qa8+ Kc5 85. Qa3+ Kd5 86. Qa8+ Kc4 87. Qa2+ Kb4 88. Ke5 c2 89. Qb2+ Kc5 90. Ke6 Qe3+ 91. Kf7 c1=Q 92. Qg2 Qc4+ 0-1

[Event "81st ch-ESP 2016"]
[White "Gines Esteo, Pedro Antonio"]
[Black "Domingo Nunez, Alejandro"]
[Site "Linares ESP"]
[Result "0-1"]
[Date "2016.08.08"]
[WhiteElo "2194"]
[BlackElo "2344"]
[PlyCount "78"]

1. d4 Nf6 2. Nf3 e6 3. e3 b6 4. Bd3 Bb7 5. 0-0 g6 6. c4 Bg7 7. Nc3 0-0 8. e4 d6 9. Bg5 h6 10. Bh4 Nbd7 11. Bc2 g5 12. Bg3 Nh5 13. b4 Nxg3 14. hxg3 c5 15. Nb5 Qe7 16. bxc5 bxc5 17. Rb1 cxd4 18. Nfxd4 Nc5 19. Nb3 Rfd8 20. Na5 a6 21. Nd4 Qc7 22. Nxb7 Nxb7 23. Nf3 Na5 24. Bd3 Qc5 25. Qe2 Rab8 26. g4 Rdc8 27. Nd2 Qa3 28. e5 Bxe5 29. Qe4 Bg7 30. Rxb8 Rxb8 31. f4 Qc5+ 32. Kh1 Nc6 33. Qh7+ Kf8 34. Ne4 Qd4 35. fxg5 Qxd3 36. Rxf7+ Kxf7 37. gxh6 Qf1+ 38. Kh2 Qf4+ 39. Kg1 Rb1# 0-1

[Event "81st ch-ESP 2016"]
[White "Martinez Lopez, David"]
[Black "Rubio Tent, Francisco"]
[Site "Linares ESP"]
[Result "1-0"]
[Date "2016.08.08"]
[WhiteElo "2334"]
[BlackElo "2199"]
[PlyCount "135"]

1. d4 d5 2. c4 c6 3. Nc3 Nf6 4. Nf3 a6 5. c5 Nbd7 6. Bf4 g6 7. h3 Bg7 8. e3 0-0 9. Be2 Ne8 10. 0-0 Nc7 11. Bh2 Re8 12. Qc2 e5 13. b4 exd4 14. exd4 Nf6 15. Bd3 Ne6 16. Rad1 Nh5 17. Ne2 Bh6 18. Rfe1 Nef4 19. Nxf4 Rxe1+ 20. Rxe1 Nxf4 21. Bxf4 Bxf4 22. a4 Be6 23. g3 Bh6 24. Kg2 Bg7 25. Qc3 Qd7 26. Rh1 Bf5 27. Bxf5 Qxf5 28. Re1 Qd7 29. Qe3 h6 30. h4 Bf8 31. Qf4 Re8 32. Ne5 Qe6 33. Re3 Re7 34. Ng4 g5 35. hxg5 hxg5 36. Qxg5+ Qg6 37. Qxg6+ fxg6 38. Rxe7 Bxe7 39. f4 Kf7 40. Kf3 Bd8 41. Ne5+ Kf6 42. g4 Bc7 43. Nd3 Ke6 44. Nc1 a5 45. bxa5 Bxa5 46. Ke3 Bd8 47. Nd3 Kf6 48. Ne5 Bc7 49. Nf3 Bb8 50. g5+ Kf7 51. Nh4 Bc7 52. Kf3 b6 53. cxb6 Bxb6 54. Ke3 c5 55. Nf3 Ke6 56. dxc5 Bxc5+ 57. Nd4+ Kd7 58. Kd3 Bd6 59. f5 gxf5 60. g6 Ke8 61. Nxf5 Bc5 62. Ne3 Ke7 63. Nxd5+ Ke6 64. Kc4 Bg1 65. a5 Ba7 66. Kb5 Bd4 67. Kc6 Ba7 68. a6 1-0

[Event "81st ch-ESP 2016"]
[White "Jimenez Martinez, Jose Vicente"]
[Black "Barrenechea Bahamonde, Gustavo"]
[Site "Linares ESP"]
[Result "1-0"]
[Date "2016.08.08"]
[WhiteElo "2329"]
[BlackElo "2189"]
[PlyCount "43"]

1. d4 d5 2. c4 e6 3. Nf3 c5 4. cxd5 exd5 5. g3 Nc6 6. Bg2 Nf6 7. 0-0 Be7 8. Nc3 0-0 9. dxc5 d4 10. Na4 Bf5 11. b4 Ne4 12. b5 Nc3 13. Nxc3 dxc3 14. bxc6 Qxd1 15. Rxd1 Rad8 16. Rxd8 Rxd8 17. cxb7 Rd1+ 18. Bf1 Bh3 19. Bb2 c2 20. b8=Q+ Bf8 21. Rc1 Bxf1 22. Ne1 1-0

[Event "81st ch-ESP 2016"]
[White "Domingo Nunez, Ruben"]
[Black "Garcia Vicente, Nieves"]
[Site "Linares ESP"]
[Result "1/2-1/2"]
[Date "2016.08.08"]
[WhiteElo "2321"]
[BlackElo "2174"]
[PlyCount "105"]

1. e4 e5 2. Nf3 Nc6 3. Bc4 Nf6 4. d3 Be7 5. 0-0 d6 6. a4 0-0 7. h3 Be6 8. Nbd2 Qd7 9. Re1 Rfe8 10. a5 a6 11. c3 Bf8 12. Bxe6 Qxe6 13. d4 exd4 14. cxd4 d5 15. e5 Nd7 16. Nf1 Nb4 17. Re3 c5 18. Bd2 Nc6 19. Bc3 h6 20. dxc5 Nxc5 21. Nd4 Qd7 22. Qe2 Ne4 23. Nd2 Nxd2 24. Qxd2 Nxe5 25. Rg3 Ng6 26. Rd1 Rad8 27. Nf3 Qe6 28. Rg4 f5 29. Rd4 Ne7 30. Re1 Qd7 31. Rd1 Qe6 32. Re1 Qd7 33. Re5 Qc7 34. Rd3 Qc4 35. Rd4 Qc7 36. Rd3 Qc4 37. Qe3 d4 38. Rxd4 Rxd4 39. Qxd4 Qxd4 40. Nxd4 g6 41. Re6 Kf7 42. Rb6 Rb8 43. Rd6 Bg7 44. Rd7 Ke8 45. Rc7 Be5 46. Rc5 Bd6 47. Rc4 Rc8 48. Rxc8+ Nxc8 49. Kf1 Ne7 50. Bd2 h5 51. Ke2 Kd7 52. Kd3 Nd5 53. g3 1/2-1/2

[Event "81st ch-ESP 2016"]
[White "Gil Quilez, Sonia"]
[Black "Escudero Manzano, Sergio"]
[Site "Linares ESP"]
[Result "1/2-1/2"]
[Date "2016.08.08"]
[WhiteElo "2079"]
[BlackElo "2290"]
[PlyCount "64"]

1. d4 Nf6 2. c4 e6 3. Nc3 Bb4 4. Qc2 b6 5. e4 Bb7 6. Bd3 c5 7. d5 exd5 8. exd5 b5 9. b3 0-0 10. Nge2 d6 11. 0-0 bxc4 12. bxc4 Nbd7 13. Bg5 h6 14. Bh4 Re8 15. Ne4 Qe7 16. Nxf6+ Nxf6 17. Qb2 g5 18. Bg3 Rab8 19. Kh1 Ba6 20. Nc3 Nh5 21. Ne4 Rb6 22. Qe2 Bxc4 23. Bxc4 Qxe4 24. Qxh5 Qxc4 25. Qxh6 Qxd5 26. Rad1 Qf5 27. Rxd6 Rxd6 28. Qxd6 Bc3 29. Qa6 Qd7 30. Qh6 Qf5 31. Qa6 Qd7 32. Qh6 Qf5 1/2-1/2

[Event "81st ch-ESP 2016"]
[White "Bernabeu Lopez, Carlos Javier"]
[Black "Barrios Munoz, Rafael Carlos"]
[Site "Linares ESP"]
[Result "1-0"]
[Date "2016.08.08"]
[WhiteElo "2267"]
[BlackElo "2026"]
[PlyCount "66"]

1. e4 e5 2. Nf3 Nc6 3. Bb5 Nf6 4. Bxc6 dxc6 5. d3 Qe7 6. Nbd2 h6 7. Nc4 Nd7 8. Be3 c5 9. Qd2 b6 10. Qc3 f6 11. Nh4 Qf7 12. g3 Ba6 13. Nd2 0-0-0 14. a4 Kb7 15. 0-0 Bd6 16. Nf5 Bf8 17. Nh4 Bd6 18. Nf5 Bf8 19. a5 Ra8 20. axb6 axb6 21. Nc4 g6 22. Nh4 Be7 23. Nf3 Bxc4 24. dxc4 Qe6 25. Rxa8 Rxa8 26. Rd1 Bd6 27. Qd3 f5 28. Bxh6 Nf6 29. Ng5 Qd7 30. h4 Rh8 31. Ra1 Qc6 32. Bg7 fxe4 33. Qd1 Ng8 1-0

[Event "81st ch-ESP 2016"]
[White "Vallejo Pons, Francisco"]
[Black "Gonzalez De La Torre, Santiago"]
[Site "Linares ESP"]
[Result "1-0"]
[Date "2016.08.09"]
[WhiteElo "2713"]
[BlackElo "2452"]
[PlyCount "53"]

1. e4 d6 2. Nc3 e5 3. Nge2 Nf6 4. g3 Be7 5. Bg2 0-0 6. d4 exd4 7. Nxd4 Re8 8. 0-0 Bf8 9. h3 Nbd7 10. Re1 Nc5 11. Nb3 Ncd7 12. a4 c6 13. a5 Qc7 14. Be3 h6 15. f4 b6 16. axb6 Nxb6 17. Bd4 Nfd7 18. Na5 Rb8 19. Kh2 a6 20. Bf2 d5 21. Nxc6 Qxc6 22. exd5 Rxe1 23. dxc6 Rxd1 24. Rxd1 g6 25. c7 Rb7 26. Bxb7 Bxb7 27. Na4 1-0

[Event "81st ch-ESP 2016"]
[White "Vazquez Igarza, Renier"]
[Black "Suarez Garcia, Carlos"]
[Site "Linares ESP"]
[Result "1/2-1/2"]
[Date "2016.08.09"]
[WhiteElo "2589"]
[BlackElo "2426"]
[PlyCount "102"]

1. d4 d5 2. Nf3 e6 3. c4 c6 4. Bg5 Be7 5. Bxe7 Qxe7 6. e3 Nf6 7. Nc3 Nbd7 8. Qc2 0-0 9. cxd5 exd5 10. Bd3 Re8 11. 0-0 Ne4 12. b4 a6 13. Rab1 Ndf6 14. Ne5 Nxc3 15. Qxc3 Ng4 16. Nf3 Nh6 17. a4 Bf5 18. Rfc1 Rec8 19. Qb3 f6 20. Bxf5 Nxf5 21. b5 axb5 22. axb5 Qa3 23. Qxa3 Rxa3 24. bxc6 Rxc6 25. Rc5 Rxc5 26. dxc5 h5 27. h3 Rc3 28. g4 hxg4 29. hxg4 Nh6 30. g5 fxg5 31. Nxg5 Rxc5 32. Rxb7 Rc1+ 33. Kg2 g6 34. Ne6 Nf5 35. Nf4 d4 36. e4 Nh4+ 37. Kh3 Rh1+ 38. Kg4 Rg1+ 39. Kxh4 g5+ 40. Kh3 gxf4 41. Rd7 f3 42. Rxd4 Rg2 43. Rd3 Rxf2 44. Kg3 Rf1 45. Kf4 f2 46. Rd2 Kf7 47. Kf5 Ke7 48. e5 Ra1 49. Rxf2 Re1 50. Rf4 Re2 51. Rf1 Ra2 1/2-1/2

[Event "81st ch-ESP 2016"]
[White "Espinosa Aranda, Angel"]
[Black "Forcen Esteban, Daniel"]
[Site "Linares ESP"]
[Result "1/2-1/2"]
[Date "2016.08.09"]
[WhiteElo "2422"]
[BlackElo "2561"]
[PlyCount "61"]

1. e4 c5 2. Nf3 e6 3. b3 Nf6 4. e5 Nd5 5. Bb2 Nc6 6. g3 Be7 7. Bg2 0-0 8. 0-0 d6 9. exd6 Qxd6 10. Na3 Rd8 11. Qe2 a6 12. Nc4 Qc7 13. Nce5 Na5 14. Nc4 Nxc4 15. bxc4 Nb4 16. d3 Rb8 17. Ne5 Bf6 18. Rfe1 Bd7 19. a3 Nc6 20. Nxc6 Bxb2 21. Nxb8 Rxb8 22. Rab1 Bc3 23. Red1 Ba4 24. h4 b6 25. Bf3 h6 26. Kg2 Qe7 27. Rh1 Qf6 28. h5 Bb2 29. c3 Bxc3 30. Rh4 Qd8 31. Rg4 1/2-1/2

[Event "81st ch-ESP 2016"]
[White "Portela Peleteiro, Alberto"]
[Black "Del Rio De Angelis, Salvador G."]
[Site "Linares ESP"]
[Result "1/2-1/2"]
[Date "2016.08.09"]
[WhiteElo "2340"]
[BlackElo "2522"]
[PlyCount "93"]

1. e4 e6 2. d4 d5 3. Nc3 Bb4 4. Nge2 dxe4 5. a3 Be7 6. g4 e5 7. h3 Bh4 8. Nxe4 Nf6 9. Bg2 Nxe4 10. Bxe4 0-0 11. Qd3 f5 12. gxf5 Nc6 13. Be3 exd4 14. 0-0-0 Bf6 15. Qc4+ Kh8 16. Bxc6 bxc6 17. Nxd4 Qd5 18. Qxd5 cxd5 19. Ne6 Rf7 20. Rhe1 c6 21. Bc5 Bd7 22. Re2 Kg8 23. f4 a5 24. c4 dxc4 25. Red2 Be8 26. Nd8 Rc7 27. Ne6 Rb7 28. Bd4 Bh5 29. Bxf6 Bxd1 30. Bxg7 Bf3 31. Be5 Bd5 32. Rd1 h6 33. Nc7 Rxc7 34. Rg1+ Kh7 35. Bxc7 c3 36. bxc3 a4 37. Be5 Rg8 38. Rxg8 Kxg8 39. Bd4 Kf7 40. Kd2 Bg2 41. h4 Bf3 42. Kd3 h5 43. Kc4 Be2+ 44. Kc5 Bf3 45. Kb4 Bd1 46. c4 Bc2 47. Kc5 1/2-1/2

[Event "81st ch-ESP 2016"]
[White "Narciso Dublan, Marc"]
[Black "Perez Garcia, Alejandro"]
[Site "Linares ESP"]
[Result "1/2-1/2"]
[Date "2016.08.09"]
[WhiteElo "2482"]
[BlackElo "2305"]
[PlyCount "60"]

1. d4 d5 2. c4 c6 3. Nf3 Nf6 4. e3 Bg4 5. Qb3 Qb6 6. Nc3 e6 7. Nh4 Nbd7 8. h3 Bh5 9. g4 Bg6 10. Nxg6 hxg6 11. Bg2 g5 12. 0-0 Be7 13. Rd1 a5 14. cxd5 Qxb3 15. axb3 exd5 16. f3 0-0 17. e4 Rfe8 18. Bxg5 Nxe4 19. fxe4 Bxg5 20. exd5 cxd5 21. Bxd5 Nf6 22. Bg2 Ra6 23. d5 Be3+ 24. Kh2 Rb6 25. Rxa5 Nxg4+ 26. hxg4 Bf4+ 27. Kg1 Be3+ 28. Kh2 Bf4+ 29. Kg1 Be3+ 30. Kh2 Bf4+ 1/2-1/2

[Event "81st ch-ESP 2016"]
[White "Ladron De Guevara Pinto, Paolo"]
[Black "Anton Guijarro, David"]
[Site "Linares ESP"]
[Result "0-1"]
[Date "2016.08.09"]
[WhiteElo "2369"]
[BlackElo "2627"]
[PlyCount "82"]

1. e4 c6 2. d4 d5 3. e5 Bf5 4. h4 h5 5. Bd3 Bxd3 6. Qxd3 Qa5+ 7. Nd2 e6 8. Ngf3 Qa6 9. c4 Nh6 10. 0-0 Nf5 11. b3 Be7 12. g3 Nd7 13. Qc2 0-0 14. Bb2 Rac8 15. Rfe1 Nb6 16. c5 Nd7 17. b4 b6 18. Bc3 bxc5 19. bxc5 Rb8 20. Kh1 Rb7 21. Ng1 Rfb8 22. Nh3 g6 23. Nb3 Bf8 24. Nf4 Bh6 25. Nd3 Qa3 26. Kg2 Rb5 27. f4 Bf8 28. Qd2 Be7 29. Reb1 Bd8 30. Kh3 R8b7 31. Rg1 Nh6 32. Nf2 a5 33. Nd3 Ng4 34. Rge1 Nb8 35. Bb2 Qa4 36. Bc1 Rxb3 37. axb3 Qxa1 38. Bb2 Qa2 39. Nc1 Qb1 40. f5 Qxf5 41. Rf1 Qxf1+ 0-1

[Event "81st ch-ESP 2016"]
[White "Lopez Martinez, Josep Manuel"]
[Black "Matnadze, Ana"]
[Site "Linares ESP"]
[Result "1/2-1/2"]
[Date "2016.08.09"]
[WhiteElo "2550"]
[BlackElo "2355"]
[PlyCount "102"]

1. d4 Nf6 2. c4 e6 3. Nf3 b6 4. g3 Bb7 5. Bg2 Be7 6. Nc3 Ne4 7. Bd2 f5 8. Rc1 Bf6 9. d5 0-0 10. 0-0 Na6 11. Qc2 Nac5 12. Rfd1 Qe7 13. b4 Bxc3 14. Bxc3 Nxc3 15. Qxc3 Ne4 16. Qb3 a5 17. a3 axb4 18. axb4 c5 19. dxc6 Bxc6 20. Qb2 Rfc8 21. b5 Bb7 22. Qd4 Nc5 23. Qe3 Bxf3 24. Bxf3 Ra4 25. Kg2 h6 26. h4 Rf8 27. Qe5 f4 28. Rc2 fxg3 29. fxg3 Qf6 30. Qd6 Qg6 31. Rcc1 Ra2 32. Rd4 Rxf3 33. Kxf3 Qh5+ 34. Rg4 Ra3+ 35. e3 Nd3 36. Qxa3 Ne5+ 37. Kg2 Qxg4 38. Qa8+ Kh7 39. Rc2 d5 40. Rf2 Qe4+ 41. Kf1 Qb1+ 42. Kg2 Qe4+ 43. Kf1 Qxc4+ 44. Kg1 Ng4 45. Rf8 Qc1+ 46. Kg2 Qc2+ 47. Kh3 Nf2+ 48. Kg2 Ng4+ 49. Kh3 Nf2+ 50. Kg2 Ng4+ 51. Kh3 Nf2+ 1/2-1/2

[Event "81st ch-ESP 2016"]
[White "Alonso Rosell, Alvar"]
[Black "Martinez Lopez, David"]
[Site "Linares ESP"]
[Result "1-0"]
[Date "2016.08.09"]
[WhiteElo "2524"]
[BlackElo "2334"]
[PlyCount "71"]

1. d4 e6 2. c4 Nf6 3. g3 d5 4. Nf3 Be7 5. Bg2 0-0 6. Nc3 c6 7. 0-0 Nbd7 8. b3 b6 9. Nd2 Ba6 10. e4 dxc4 11. Nxc4 b5 12. Ne3 Qa5 13. Bb2 Ba3 14. Bxa3 Qxa3 15. e5 Nd5 16. Ne4 Rad8 17. Qc1 Qa5 18. a3 Qb6 19. Rd1 f6 20. exf6 N7xf6 21. Nc5 Bc8 22. Ne4 Bb7 23. Nxf6+ gxf6 24. a4 a6 25. a5 Qa7 26. Bxd5 cxd5 27. Qc7 Qb8 28. Rac1 Qxc7 29. Rxc7 Rf7 30. Rdc1 Rdd7 31. Rxd7 Rxd7 32. f4 Kf7 33. f5 e5 34. dxe5 fxe5 35. Ng4 Ke8 36. Nf6+ 1-0

[Event "81st ch-ESP 2016"]
[White "Andres Gonzalez, Alberto"]
[Black "Jimenez Martinez, Jose Vicente"]
[Site "Linares ESP"]
[Result "1/2-1/2"]
[Date "2016.08.09"]
[WhiteElo "2512"]
[BlackElo "2329"]
[PlyCount "67"]

1. d4 g6 2. c4 Bg7 3. e4 d6 4. Nc3 Nf6 5. f3 0-0 6. Bg5 c5 7. d5 e6 8. Qd2 exd5 9. cxd5 a6 10. a4 Qa5 11. Ra3 Nbd7 12. Nh3 Ne5 13. Nf2 Qb4 14. Be2 Bd7 15. 0-0 b5 16. axb5 axb5 17. Rfa1 Rxa3 18. Rxa3 Nc4 19. Bxc4 Qxc4 20. Ra7 b4 21. Ncd1 Bb5 22. Ne3 Qb3 23. Rb7 Qa4 24. e5 dxe5 25. Bxf6 Bxf6 26. Ne4 Bd8 27. Nxc5 Qa5 28. Ne4 Qa6 29. Rb8 Qa1+ 30. Qd1 Qa7 31. Rxb5 Qxe3+ 32. Kh1 f5 33. Nc5 Be7 34. Qg1 1/2-1/2

[Event "81st ch-ESP 2016"]
[White "Domingo Nunez, Alejandro"]
[Black "Arizmendi Martinez, Julen Luis"]
[Site "Linares ESP"]
[Result "1/2-1/2"]
[Date "2016.08.09"]
[WhiteElo "2344"]
[BlackElo "2496"]
[PlyCount "56"]

1. e4 e6 2. d4 d5 3. Nd2 c5 4. exd5 Qxd5 5. Ngf3 cxd4 6. Bc4 Qd8 7. 0-0 Nc6 8. Nb3 a6 9. Nbxd4 Nxd4 10. Qxd4 Qxd4 11. Nxd4 Bd7 12. Bf4 Rc8 13. Bb3 Bc5 14. Rad1 Nf6 15. Nf3 0-0 16. Bd6 Rfd8 17. Ne5 Be8 18. Bxc5 Rxd1 19. Rxd1 Rxc5 20. Nd3 Rc8 21. Ne5 Kf8 22. f3 Ke7 23. c3 b5 24. Rd4 Rc5 25. Nd3 Rc8 26. Ne5 Rc5 27. Nd3 Rc8 28. Ne5 Rc5 1/2-1/2

[Event "81st ch-ESP 2016"]
[White "Montoliu Cervero, Francisco"]
[Black "Asis Gargatagli, Hipolito"]
[Site "Linares ESP"]
[Result "1/2-1/2"]
[Date "2016.08.09"]
[WhiteElo "2346"]
[BlackElo "2487"]
[PlyCount "88"]

1. e4 c5 2. Nf3 d6 3. d4 cxd4 4. Nxd4 Nf6 5. Nc3 a6 6. Be3 e5 7. Nb3 Be6 8. f3 Be7 9. Qd2 h5 10. Nd5 Nxd5 11. exd5 Bf5 12. Bd3 Bxd3 13. Qxd3 Nd7 14. 0-0 0-0 15. a4 Rc8 16. c4 Bg5 17. Bf2 g6 18. a5 f5 19. Ra4 Nf6 20. Qe2 h4 21. Rb4 Rf7 22. Rb6 Qf8 23. Rd1 Bf4 24. c5 dxc5 25. Qc4 e4 26. d6 Kh7 27. Kh1 h3 28. g3 Bh6 29. Nxc5 e3 30. Bg1 Rxc5 31. Qxc5 Nd7 32. Qc4 Nxb6 33. axb6 Rd7 34. f4 Qe8 35. Re1 Rxd6 36. Rxe3 Qf8 37. Qc7+ Bg7 38. Qxb7 Rd1 39. Re7 Qf6 40. Rxg7+ Qxg7 41. Qxg7+ Kxg7 42. b7 Rd8 43. Ba7 Rd1+ 44. Bg1 Rd8 1/2-1/2

[Event "81st ch-ESP 2016"]
[White "Carrasco Martinez, Juan M."]
[Black "Huerga Leache, Mikel"]
[Site "Linares ESP"]
[Result "1/2-1/2"]
[Date "2016.08.09"]
[WhiteElo "2342"]
[BlackElo "2455"]
[PlyCount "113"]

1. d4 d5 2. Nf3 Nf6 3. c4 c6 4. Nc3 a6 5. cxd5 cxd5 6. Bf4 e6 7. e3 Be7 8. Bd3 b5 9. Ne5 Bb7 10. Rc1 Nbd7 11. 0-0 Nxe5 12. Bxe5 0-0 13. Qb3 Bd6 14. Bg3 Nh5 15. Bxd6 Qxd6 16. Be2 Nf6 17. Rc2 Rac8 18. Rfc1 e5 19. dxe5 Qxe5 20. a4 d4 21. exd4 Qxd4 22. axb5 Ng4 23. Nd1 Rxc2 24. Qxc2 Qe5 25. g3 Qd5 26. f3 axb5 27. Qd3 Qxd3 28. Bxd3 Bxf3 29. Bxb5 g6 30. Nc3 Rd8 31. h3 Ne5 32. Rc2 Kg7 33. Kf2 f5 34. Ke3 g5 35. Ne2 Kf6 36. Rd2 Rb8 37. Nc3 Ke6 38. Rd4 Bc6 39. Bc4+ Ke7 40. b3 Bg2 41. h4 Ng4+ 42. Kd2 gxh4 43. gxh4 Ne5 44. Ke3 Nxc4+ 45. bxc4 Rb3 46. Rd3 Ke6 47. Kf4 Rb4 48. Rd4 h6 49. Nd5 Rb7 50. Ne3 Be4 51. c5 Rc7 52. Rd6+ Kf7 53. Rxh6 Rxc5 54. Ra6 Rc6 55. Rxc6 Bxc6 56. Kxf5 Kg7 57. Kg5 1/2-1/2

[Event "81st ch-ESP 2016"]
[White "Vehi Bach, Victor Manuel"]
[Black "Munoz, Miguel"]
[Site "Linares ESP"]
[Result "0-1"]
[Date "2016.08.09"]
[WhiteElo "2318"]
[BlackElo "2451"]
[PlyCount "47"]

1. e4 d5 2. exd5 Qxd5 3. Nc3 Qa5 4. d4 Nf6 5. Bc4 Nc6 6. Nge2 Bg4 7. Bd2 0-0-0 8. f3 Be6 9. Bxe6+ fxe6 10. Ne4 Qf5 11. N4g3 Qd5 12. Bc3 e5 13. dxe5 Qc5 14. Qc1 Nd5 15. Ne4 Qb6 16. Qg5 Ne3 17. Rc1 e6 18. Bd2 Nf5 19. N4g3 Be7 20. Qf4 Bh4 21. Bc3 Ne3 22. Rg1 g5 23. Qe4 Rd5 24. Ra1 0-1

[Event "81st ch-ESP 2016"]
[White "Suarez Uriel, Adrian"]
[Black "Suarez Gomez, Julio"]
[Site "Linares ESP"]
[Result "1/2-1/2"]
[Date "2016.08.09"]
[WhiteElo "2311"]
[BlackElo "2429"]
[PlyCount "120"]

1. e4 e6 2. d4 d5 3. Nd2 c5 4. Ngf3 cxd4 5. exd5 Qxd5 6. Bc4 Qd8 7. 0-0 Nc6 8. Nb3 Nf6 9. Qe2 Bd6 10. Rd1 0-0 11. Nbxd4 Nxd4 12. Rxd4 Qe7 13. Ne5 Nd5 14. Bd3 f5 15. Bc4 Rd8 16. Nf3 h6 17. Bxd5 exd5 18. Qxe7 Bxe7 19. Bf4 g5 20. Bc7 Rd7 21. Be5 b6 22. Rd2 Bb7 23. Nd4 f4 24. g3 fxg3 25. hxg3 Bc5 26. f4 Rf8 27. c3 Kh7 28. Rh2 Kg6 29. Kf2 Rh7 30. Ke2 Bc8 31. Kd2 Bg4 32. Rf1 Bxd4 33. cxd4 gxf4 34. Bxf4 h5 35. Rc1 Rc8 36. Rxc8 Bxc8 37. Re2 Bf5 38. Re5 Be4 39. Re8 Kf5 40. Bb8 Rb7 41. Kc3 a5 42. Be5 Bb1 43. b3 Be4 44. Rh8 Kg4 45. Rc8 Rf7 46. a4 Rf3+ 47. Kb2 Rf2+ 48. Ka3 Bb1 49. b4 Bc2 50. bxa5 bxa5 51. Rc3 Rf3 52. Rxf3 Kxf3 53. Bc7 Bd3 54. Bxa5 Kxg3 55. Kb4 Kf3 56. Bd8 Ke4 57. Kc5 Bf1 58. a5 Be2 59. Bf6 Bf1 60. Kb6 h4 1/2-1/2

[Event "81st ch-ESP 2016"]
[White "Cruz Lledo, Pablo"]
[Black "Bernabeu Lopez, Carlos Javier"]
[Site "Linares ESP"]
[Result "1/2-1/2"]
[Date "2016.08.09"]
[WhiteElo "2414"]
[BlackElo "2267"]
[PlyCount "117"]

1. d4 Nf6 2. Nf3 g6 3. Bf4 Bg7 4. e3 0-0 5. Be2 d6 6. 0-0 Nfd7 7. c4 e5 8. Bg3 Nc6 9. Nc3 h6 10. Rb1 f5 11. h3 f4 12. Bh2 exd4 13. exd4 g5 14. b4 Ne7 15. Qb3 Nf6 16. Rbd1 Bf5 17. d5 Nd7 18. Nb5 Ne5 19. Nbd4 Nxf3+ 20. Bxf3 Bxd4 21. Rxd4 Ng6 22. Bh5 Qf6 23. Qd1 Ne5 24. Kh1 a5 25. b5 Bg6 26. Bxg6 Nxg6 27. f3 Rae8 28. Bg1 Nh4 29. Re1 Nf5 30. Rd2 Qc3 31. Kh2 Qxc4 32. b6 cxb6 33. Bxb6 Qb4 34. Bf2 Rxe1 35. Qxe1 Ne3 36. Bxe3 Re8 37. Bc5 Rxe1 38. Bxb4 axb4 39. Rb2 Ra1 40. h4 b3 41. Rxb3 Rxa2 42. Kh3 Rd2 43. hxg5 hxg5 44. Rxb7 Rxd5 45. Kg4 Kf8 46. Kh5 Ke8 47. Rg7 Rd2 48. Rxg5 Kf7 49. Rg4 Ke6 50. Kg5 Ke5 51. g3 fxg3 52. f4+ Kd5 53. Rxg3 Ke4 54. f5 Rf2 55. f6 d5 56. Kg6 d4 57. f7 Rxf7 58. Kxf7 d3 59. Rxd3 1/2-1/2

[Event "81st ch-ESP 2016"]
[White "Vega Gutierrez, Sabrina"]
[Black "Jimenez Bernal, Francisco"]
[Site "Linares ESP"]
[Result "1-0"]
[Date "2016.08.09"]
[WhiteElo "2408"]
[BlackElo "2237"]
[PlyCount "55"]

1. e4 c5 2. Nf3 d6 3. d4 cxd4 4. Nxd4 Nf6 5. Nc3 a6 6. Be3 e6 7. g4 e5 8. Nf5 g6 9. g5 gxf5 10. exf5 d5 11. gxf6 d4 12. Bc4 Qc7 13. Qd3 dxe3 14. 0-0-0 exf2 15. Bxf7+ Kxf7 16. Qd5+ Kxf6 17. Ne4+ Ke7 18. Qd2 Qb6 19. Qg5+ Kf7 20. Qh5+ Kg8 21. Kb1 Nd7 22. Nxf2 Bg7 23. Rhg1 Kf8 24. Ne4 Qh6 25. Qf3 Qf4 26. Qa3+ Kf7 27. Nd6+ Kf6 28. Qb3 1-0

[Event "81st ch-ESP 2016"]
[White "Collazo Hidalgo-Gato, Niala"]
[Black "Teran Alvarez, Ismael"]
[Site "Linares ESP"]
[Result "0-1"]
[Date "2016.08.09"]
[WhiteElo "2272"]
[BlackElo "2413"]
[PlyCount "120"]

1. e4 c5 2. Nf3 Nc6 3. d3 g6 4. g3 Bg7 5. Bg2 e5 6. c3 Nge7 7. 0-0 0-0 8. Be3 d6 9. Qd2 f5 10. Bh6 f4 11. Bxg7 Kxg7 12. Na3 h6 13. h3 g5 14. d4 b6 15. b4 Ng6 16. b5 Na5 17. dxe5 dxe5 18. Rad1 Be6 19. Qe2 Qe7 20. g4 Qf7 21. Rd6 Rad8 22. Rfd1 Rxd6 23. Rxd6 Qe7 24. Rd2 Rd8 25. Rxd8 Qxd8 26. Bf1 Kf6 27. c4 Qd7 28. Qd2 Nh4 29. Qc3 Nxf3+ 30. Qxf3 Qd4 31. Qe2 Ke7 32. Kg2 Qc3 33. Qd3 Qa1 34. Qc2 Qe1 35. Qd3 Qc1 36. Be2 Nb7 37. Nb1 Nd6 38. Nd2 Qb2 39. a3 Qd4 40. Bf1 Bc8 41. Kf3 Bb7 42. Qxd4 cxd4 43. Bd3 Bc8 44. Ke2 Be6 45. Kd1 Nb7 46. Nb3 Kd6 47. Kc2 Nc5 48. Nxc5 Kxc5 49. Kb3 Bc8 50. f3 Be6 51. Bf1 Bf7 52. Bd3 h5 53. Bf1 h4 54. Bd3 Be6 55. Bf1 d3 56. Bxd3 Kd4 57. Be2 Ke3 58. Bd1 Kd2 59. Bc2 Bxg4 60. fxg4 f3 0-1

[Event "81st ch-ESP 2016"]
[White "Bravo Barranco, Narciso"]
[Black "Garriga Cazorla, Pere"]
[Site "Linares ESP"]
[Result "0-1"]
[Date "2016.08.09"]
[WhiteElo "2251"]
[BlackElo "2392"]
[PlyCount "58"]

1. e4 e5 2. Nf3 Nc6 3. Bb5 a6 4. Ba4 Nge7 5. 0-0 g6 6. c3 Bg7 7. d4 exd4 8. cxd4 b5 9. Bb3 0-0 10. Nc3 d6 11. h3 Bb7 12. Bg5 h6 13. Bh4 Na5 14. Re1 Nxb3 15. Qxb3 g5 16. Bg3 Kh8 17. a4 Rb8 18. axb5 axb5 19. h4 g4 20. Nh2 f5 21. h5 Nc6 22. exf5 Nxd4 23. Qd1 Qg5 24. Qxg4 Nc2 25. Qxg5 hxg5 26. Nxb5 Nxa1 27. Rxa1 Rf7 28. Ng4 Bc8 29. Ra5 Rxf5 0-1